00625pam a2200205 a 450000100060000000300080000600500170001400800390003102000150007003500190008504000270010404100080013108200250013924500750016426000520023930000400029150400510033165000190038270000180040110837BD-RjUL20211208235026.0140125s1994 enkab b 001 0 eng a0471941042 a(BD-RjUL)10886 aDLCcDLCdBD-RjULbeng aeng00a551.41220bPRO 199400aProcess models and theoretical geomorphology /cedited by M.J. Kirkby. aChichester ;aNew York :bWiley & Sons,cc1994. axiv, 417 p. :bill., maps ;c25 cm. aIncludes bibliographical references and index. 0aGeomorphology.1 aKirkby, M. J.